000 00557nam a2200205 4500
003 OSt
005 20240604065521.0
006 a
008 240604b |||||||| |||| 00| 0 eng d
020 _a9710871471
040 _aDWCL-Main lib.
_cOC
082 _aFil. 550 D624e 2012
100 _aDitan, Carolina Desamero
245 _aEarth sciences /
260 _aMandaluyong City, Phils. :
_bNational Book Store,
_cc2012.
300 _b168 p. ;
_c23 cm.
650 _a1. Earth science.
700 _aCarolina Desamero Ditan
942 _2ddc
_n0
_cBK - FIL
_kFil.
999 _c130
_d130